000
00303nam a22001217a 4500
020
_a
8120328485
082
_2
22
_a
691
100
_a
Varghese, P. C.
245
_a
Building materials /
260
_a
New Delhi,
_b
Prentice Hall,
_c
c2006.
300
_a
xix, 267 p. ;
_b
ill. ;
_c
24 cm.
942
_2
ddc
_c
CIVIL
_0
12
999
_c
1470
_d
1470